000 00324nam a22001337a 4500
008 181206b xxu||||| |||| 00| 0 eng d
020 _a9780070376861
041 _aeng
080 _24th
_a541
100 _a12
101 _aKIM
245 _aSolutions Manual to Accompany Physical Chemistry
_cLevine,I.N
942 _2udc
_cBK
999 _c52943
_d52943